| 000 | 00313 a2200121 4500 | ||
|---|---|---|---|
| 001 | 92431 | ||
| 082 | _a303.48251 JAV | ||
| 090 |
_c44404 _d44405 |
||
| 100 | _aJaved HAssan Syed | ||
| 245 | _achinese soft power code; book of 8x8x8 wisdom | ||
| 260 |
_aLahore _bParamount Books _c2014 |
||
| 300 | _axxv, 234 p. | ||
| 942 |
_aCAE NUST _k303.48251 JAV |
||
| 999 |
_c327504 _d327504 |
||